| 000 | 00524nam a22001937a 4500 | ||
|---|---|---|---|
| 003 | KOHA_MİRAKIL | ||
| 005 | 20251118095926.0 | ||
| 008 | 251118b tu ||||| |||| 00| 0 tur d | ||
| 020 | _a9789944474916 | ||
| 040 |
_aTR-AnABB _btur _cTR-AnABB |
||
| 041 | _atur | ||
| 082 |
_a170 _bGUN 2010 |
||
| 100 | 1 | _aGündüz, Mustafa, | |
| 245 | 1 | 0 |
_aAhlak Sosyolojisi / _cMustafa Gündüz |
| 260 |
_aAnkara : _bAnı Yayıncılık, |
||
| 300 |
_a368 sayfa ; _c20 cm |
||
| 650 | 0 | 4 | _aTürk edebiyatı, roman |
| 942 |
_2ddc _cBK |
||
| 999 |
_c9517 _d9517 |
||
| 900 | _bGizem YORULMAZ | ||